Manual de historia comparada de las religiones : (Record n. 28481)

Dettagli MARC
000 -LEADER
fixed length control field 00981nam a2200253 i 4500
003 - CONTROL NUMBER IDENTIFIER
control field IT-RoINE
005 - DATE AND TIME OF LATEST TRANSACTION
control field 20190116094754.0
008 - FIXED-LENGTH DATA ELEMENTS--GENERAL INFORMATION
fixed length control field 931209s1947 sp r 000 | spa d
040 ## - CATALOGING SOURCE
Original cataloging agency ES-MaCSI
Language of cataloging spa
Transcribing agency VL IT-RoINE
Modifying agency VL 0010325
-- IT-RoINE
041 ## - LANGUAGE CODE
Language code of text/sound track or separate title spa
Language code of original and/or intermediate translations of text ger
100 1# - MAIN ENTRY--PERSONAL NAME
Personal name Schmidt, Paul Wilhelm,‏ ‎
Dates associated with a name 1845-1921‏
9 (RLIN) 56116
245 10 - TITLE STATEMENT
Title Manual de historia comparada de las religiones :
Remainder of title origen y formación de la religión : teorías y hechos /
Statement of responsibility, etc por el Dr. P. Guillermo Schmidt ; traducción del alemán por Emilio Huidobro y Edith Tech de Huidobro.
250 ## - EDITION STATEMENT
Edition statement Reimpr. de la 2ª ed., rev. y aum.
260 ## - PUBLICATION, DISTRIBUTION, ETC. (IMPRINT)
Place of publication, distribution, etc Madrid :
Name of publisher, distributor, etc Espasa-Calpe,
Date of publication, distribution, etc 1947.
300 ## - PHYSICAL DESCRIPTION
Extent 286 p. ;
Dimensions 23 cm.
336 ## - CONTENT TYPE
Source rdacontent
Content type term text
337 ## - MEDIA TYPE
Source rdamedia
Media type term unmediated
338 ## - CARRIER TYPE
Source rdacarrier
Carrier type term volume
650 #4 - SUBJECT ADDED ENTRY--TOPICAL TERM
Topical term or geographic name as entry element Religión
General subdivision Historia
9 (RLIN) 56117
650 #4 - SUBJECT ADDED ENTRY--TOPICAL TERM
Topical term or geographic name as entry element Religión
General subdivision Historiografía
9 (RLIN) 56118
700 1# - ADDED ENTRY--PERSONAL NAME
Personal name Huidobro, Emilio
9 (RLIN) 56119
700 1# - ADDED ENTRY--PERSONAL NAME
9 (RLIN) 56120
Personal name Tech de Huidobro, Edith
942 ## - ADDED ENTRY ELEMENTS (KOHA)
Item type Monografías
Dati di copia
Withdrawn status Lost status Damaged status Not for loan Home library Current library Date acquired Total Checkouts Full call number Barcode Date last seen Price effective from Koha item type
        Iglesia Nacional Española en Roma Iglesia Nacional Española en Roma 16/01/2019   FIL 799 54275 16/01/2019 16/01/2019 Monografías